000 01639nac a22004930a 4500
001 PT25486
003 AR-LpoUNG
005 20210201005153.0
008 201001s2006||||ag |||||||||||||||||spa d
020 _a9875800686
_c$6.60
040 _aAR-LpoUNG
_bspa
_eaacr
041 _aspa
044 _aag
082 0 _a982.064 594v1
100 1 _aAnguita, Eduardo
245 1 3 _aLa voluntad :
_buna historia de la militancia revolucionaria en la Argentina : 1966-1969 : el valor del cambio
250 _a1ra ed.
260 _aBuenos Aires :
_bBooket,
_c2006.
300 _a589 p. :
_bil.
_a(5
_fVolúmenes)
_3Impreso
490 0 _aLa voluntad : una historia de la militancia revolucionaria en la Argentina
520 _a<p>Analiza desde el golpe de Onganía en 1966 hasta el Cordobazo en 1969 y da una muestra de la militancia revolucionaria de fines de los sesenta. Construída a partir de los relatos de muchos de sus protagonistas y de una exhaustiva investigación de los materiales del período.</p>
650 4 _aANALISIS HISTORICO
650 4 _aANALISIS SOCIOLOGICO
650 4 _aARGENTINA
650 4 _aDICTADURA
650 4 _aFUERZAS ARMADAS
650 4 _aGOBIERNO MILITAR
650 4 _aGOLPES DE ESTADO
650 4 _aGUERRILLEROS
650 4 _aHISTORIA
650 4 _aIDEOLOGIAS POLITICAS
650 4 _aINTERVENCION DEL ESTADO
650 4 _aREVOLUCION
650 4 _aTERRORISMO
650 4 _aUNIVERSIDADES
650 4 _aVIOLENCIA
651 4 _aArgentina
653 _aCORDOBAZO
653 _aMAES
653 _aPERONISMO
700 1 _aCaparrós, Martín
905 _a25486
942 _cLIB
999 _c48675
_d48675